000 00337nam a22001337a 4500
008 171031b xxu||||| |||| 00| 0 eng d
020 _a9780072345087
041 _aeng
080 _a33
100 _a59
101 _aBUS
245 _aMORALITY THE MARKET ETHICS VINTUE IN THE CONDUCT OF BUSINESS
_cEUGEN.H
942 _2udc
_cBK
999 _c36833
_d36833